Normal view
MARC view
- Spherical astronomy
Entry Topical Term
001 - CONTROL NUMBER
- control field: 39574
003 - CONTROL NUMBER IDENTIFIER
- control field: NUST
005 - DATE AND TIME OF LATEST TRANSACTION
- control field: 20210314131500.0
008 - FIXED-LENGTH DATA ELEMENTS
- fixed length control field: 210314|| aca||aabn | a|a d
040 ## - CATALOGING SOURCE
- Original cataloging agency: NUST
- Transcribing agency: NUST
150 ## - HEADING--TOPICAL TERM
- Topical term or geographic name entry element: Spherical astronomy
670 ## - SOURCE DATA FOUND
- Source citation: Work cat.: (NUST): Smart, W. M. 39529, Text-book on spherical astronomy,, 1944.
